Loading...

Mysticism, christian and buddhist /

Bibliographic Details
Main Author: Suzuki, Daisetz Teitaro
Language:Undetermined
Published: 1957
LEADER 00372nam a2200121Ia 4500
001 122929
008 170722s9999 xx 000 0 und d
100 |a Suzuki, Daisetz Teitaro 
245 |a Mysticism, christian and buddhist / 
260 |c 1957 
942 |c GEN 
999 |c 21096  |d 21096 
952 |0 0  |1 0  |4 0  |6 _4_J7  |7 0  |8 LC1  |9 24953  |a LIB  |b LIB  |d 2017-08-12  |o /\4 J7  |p 59639  |r 2017-08-12  |w 2017-08-12  |y GEN